Street law: A course in practical law (6th edition) (Record no. 76884)

MARC details
000 -LEADER
fixed length control field 00958nam a2200229 a 4500
008 - FIXED-LENGTH DATA ELEMENTS--GENERAL INFORMATION
fixed length control field 210309s1999 ||||||||||||||||| || u
020 ## - INTERNATIONAL STANDARD BOOK NUMBER
International Standard Book Number 9780314140777
050 ## - LIBRARY OF CONGRESS CALL NUMBER
Classification number KB 21 Arb
100 ## - MAIN ENTRY--PERSONAL NAME
Personal name O'Brien, Edward L
245 10 - TITLE STATEMENT
Title Street law: A course in practical law (6th edition)
Statement of responsibility, etc. By Lee P. Arbetman; Edward L. O'Brien
250 ## - EDITION STATEMENT
Edition statement 6th edition
260 ## - PUBLICATION, DISTRIBUTION, ETC.
Place of publication, distribution, etc. New York
Name of publisher, distributor, etc. West Educational Publishing
Date of publication, distribution, etc. 1999
300 ## - PHYSICAL DESCRIPTION
Extent xxx, 680 pages: illustrations
350 ## -
-- 59.00
650 #0 - SUBJECT ADDED ENTRY--TOPICAL TERM
Topical term or geographic name entry element LIFE SKILLS
650 ## - SUBJECT ADDED ENTRY--TOPICAL TERM
Topical term or geographic name entry element LAW
650 ## - SUBJECT ADDED ENTRY--TOPICAL TERM
Topical term or geographic name entry element CONSUMER EDUCATION
650 ## - SUBJECT ADDED ENTRY--TOPICAL TERM
Topical term or geographic name entry element LAW--UNITED STATES--POPULAR WORKS
700 ## - ADDED ENTRY--PERSONAL NAME
Personal name Arbetman, Lee P
995 ## -
-- MAIN LIBRARY OPEN ACCESS
-- 750938
-- CBU-MAIN LIBRARY (Kitwe)
-- 59.00
-- KB 21 Arb
-- 1
-- AVAILABLE
-- Mar 31, 2021
-- 750938
-- Main Library Open Access Collection
995 ## -
-- MAIN LIBRARY OPEN ACCESS
-- 750939
-- CBU-MAIN LIBRARY (Kitwe)
-- 59.00
-- KB 21 Arb
-- 2
-- AVAILABLE
-- Mar 31, 2021
-- 750939
-- Main Library Open Access Collection
999 ## -
-- 76884
-- 76884
Holdings
Withdrawn status Lost status Source of classification or shelving scheme Damaged status Not for loan Permanent Location Current Location Shelving location Date acquired Total Checkouts Full call number Barcode Date last seen Copy number Price effective from Koha item type
          CBU-MAIN LIBRARY, KITWE. CBU-MAIN LIBRARY, KITWE.   04/25/2023   KB 21 Arb 750938 04/25/2023 1 04/25/2023 MONOGRAPH
          CBU-MAIN LIBRARY, KITWE. CBU-MAIN LIBRARY, KITWE.   04/25/2023   KB 21 Arb 750939 04/25/2023 2 04/25/2023 MONOGRAPH